000 01003aaa a2200193 i 4500
001 768714001
003 CO-MdFUSB
005 20240207084737.0
008 221104s2003 sp ||||| |||| 00| 0 spa s
040 _bspa
_cCO-MdFUSB
_dCO-MdFUSB
041 _aspa
100 1 _aMesters, Carlos
_eautor
245 1 0 _aEl siervo de Yahvé, la sufrida resistencia de los pobres, espejo de la justicia de Dios
_c/ Carlos Mesters
300 _aNúmero 299 (febrero 2003), Páginas 75 - 84
_c; 21 cm
520 _aEn los cánticos del Siervo, Dios muestra su preferencia por los pobres y les confiere una misión importante para el futuro de la humanidad, misión para lo que sólo ellos, los oprimidos, tienen las condiciones para realizarla. Los cánticos son una especia de cartilla para ayudar a los oprimidos, los de ayer y los de hoy, a descubrir y a asumir su misión.
650 7 _92116
_aJusticia
773 0 _tConcilium
_049450
_960414
_gNúmero 299 (febrero 2003), Páginas 75 - 84
_qPáginas 75
942 _cANA
999 _c49910
_d49910